| 000 | 00910nac a22002531i 4500 | ||
|---|---|---|---|
| 003 | EG-ScBUE | ||
| 005 | 20230111131104.0 | ||
| 008 | 230111s2002 enkab f b 000 0 eng d | ||
| 020 | _a185149362X | ||
| 020 | _a9781851493623 | ||
| 040 |
_aEG-ScBUE _beng _erda _cEG-ScBUE _dEG-ScBUE |
||
| 082 | 0 | 4 |
_a759.39 _bKAL _222 |
| 100 | 1 |
_aKaldor, Andras, _d1938- _eauthor. |
|
| 245 | 1 | 0 |
_aBerlin : _bmasterpieces of architecture / _cAndras Kaldor. |
| 264 | 1 |
_aWoodbridge : _bAntique Collectors' Club, _c2002. |
|
| 300 |
_a95 pages : _billustrations (some color), color maps ; _c25 cm |
||
| 504 | _aIncludes bibliographical references. | ||
| 600 | 1 | 7 |
_aKaldor, Andras, _d1938- _xThemes, motives, etc. _2BUEsh |
| 650 | 7 |
_aArchitecture _zGermany _zBerlin _vGuidebooks. _2BUEsh |
|
| 650 | 7 |
_aArchitecture in art. _zGermany _zBerlin _vGuidebooks. _2BUEsh |
|
| 653 | _bART | ||
| 655 | _vReading book | ||
| 942 |
_cBB _2ddc |
||
| 999 |
_c3349 _d3349 |
||